Loading...
Current Events | 4 | 20.00 | 100% | 75% | 25% |
Fine Arts - Classical Music | 5 | 18.00 | 100% | 80% | 0% |
Fine Arts - Other Fine Arts | 4 | 7.50 | 75% | 0% | 0% |
Fine Arts - Painting and Sculpture | 3 | 13.33 | 67% | 33% | 33% |
Geography | 2 | 15.00 | 100% | 50% | 0% |
History - European History | 4 | 12.50 | 100% | 25% | 0% |
History - Other History | 1 | 10.00 | 100% | 0% | 0% |
History - World History | 8 | 15.00 | 88% | 50% | 13% |
Literature - Drama | 1 | 0.00 | 0% | 0% | 0% |
Literature - Long Fiction | 6 | 13.33 | 100% | 33% | 0% |
Literature - Misc Literature | 3 | 13.33 | 100% | 33% | 0% |
Literature - Poetry | 3 | 20.00 | 100% | 100% | 0% |
Literature - Short Fiction | 1 | 20.00 | 100% | 100% | 0% |
Mythology | 2 | 15.00 | 100% | 50% | 0% |
Other Academic | 4 | 10.00 | 100% | 0% | 0% |
Philosophy | 7 | 12.86 | 100% | 29% | 0% |
Science - Biology | 5 | 10.00 | 80% | 20% | 0% |
Science - Chemistry | 4 | 5.00 | 50% | 0% | 0% |
Science - Other Science | 4 | 15.00 | 100% | 50% | 0% |
Science - Physics | 5 | 4.00 | 40% | 0% | 0% |
Social Science | 9 | 14.44 | 100% | 44% | 0% |